000 01047nam0a22002291 4500
001 rc\2681397
005 20260406122753.0
035 _a(NLR Aleph) 006809763
090 _a6331003
_c6331003
100 _a20110915d1932 |||y0rusy50 ca
101 0 _arus
102 _aRU
105 _ay z |||||
200 1 _aУправляющим областными конторами и всеми филиалами Банка на Украине
_eИнформационное письмо о результатах обследования 112 филиалов Госбанка на Украине и ближайших задачах кредитной работы
_fВсеукр. контора Гос. банка СССР
210 _aХаркiв
_cБ. и.
_d1932
215 _a22, [2] с.
_d21,5 см.
710 0 1 _aСССР
_bГосударственный банк
_bУкраинская контора
_3RU\NLR\AUTH\8815441
_9304075
801 0 _aRU
_bNLR
_gpsbo
801 1 _aRU
_bELAR
_2rusmarc
852 _aNLR
_j32-11/2721
942 _cBOOK
980 _aNB